Tres días de julio : 18, 19 y 20 de 1936 /

Guardat en:
Dades bibliogràfiques
Autor principal: Romero, Luis (autor)
Format: Llibre
Idioma:espanyol
Publicat: Barcelona, España : Ariel, 1967, c1967
Col·lecció:(Horas de España)
Matèries:
Etiquetes: Afegir etiqueta
Sense etiquetes, Sigues el primer a etiquetar aquest registre!

MARC

LEADER 00000nam^a2200000^a^4500
001 000400399
005 20250521000000.0
009 20260310121617.482
037 |a Acervo ITESO - Biblioteca 
041 |a ESP 
082 |a 946. 081  |b ROM 
100 |a Romero, Luis  |e (autor) 
245 1 0 |a Tres días de julio :  |b 18, 19 y 20 de 1936 /  |c L. Romero. 
264 4 |a Barcelona, España :  |b Ariel,  |c 1967, c1967 
300 |a XXVI, 639 p., [53 láminas] 
336 |a texto  |b txt  |2 rdacontenido 
337 |a sin mediación  |b n  |2 rdamedio 
338 |a volumen  |b nc  |2 rdasoporte 
440 1 |a (Horas de España) 
649 |a XX 
650 |a Guerra y Paz -  |z España -  |x Historia -  |y Siglo XX 
650 |a España -  |x Historia -  |y Guerra Civil, 1936-1939 -  |x Tema Principal 
650 |a España -  |x Historia -  |y República, 1931-1939 
650 |a España -  |x Historia -  |y Siglo XX 
910 |a Fondo Carlos Núñez Hurtado 
920 |a Impresos - Libros 
930 |a Fondos Especiales 
905 |a 117 
901 |a 0500295607  |b IT2  |c ESP  |i d80437  |u 20250521 
902 |a https://opac.biblio.iteso.mx/vufind/Record/000400399